<?xml version="1.0" encoding="UTF-8"?>
<record
    xmlns:xsi="http://www.w3.org/2001/XMLSchema-instance"
    xsi:schemaLocation="http://www.loc.gov/MARC21/slim http://www.loc.gov/standards/marcxml/schema/MARC21slim.xsd"
    xmlns="http://www.loc.gov/MARC21/slim">

  <leader>03789njm a2200457Ia 4500</leader>
  <controlfield tag="001">81282</controlfield>
  <controlfield tag="003">IT-RoPAU</controlfield>
  <controlfield tag="005">20220918181124.0</controlfield>
  <controlfield tag="008">131025s9999    xx            000 0 und d</controlfield>
  <datafield tag="040" ind1=" " ind2=" ">
    <subfield code="a">IT-RoPAU</subfield>
  </datafield>
  <datafield tag="040" ind1=" " ind2=" ">
    <subfield code="c">IT-RoPAU</subfield>
  </datafield>
  <datafield tag="999" ind1=" " ind2=" ">
    <subfield code="c">100002</subfield>
    <subfield code="d">100002</subfield>
  </datafield>
  <datafield tag="999" ind1=" " ind2=" ">
    <subfield code="b">n.d.</subfield>
  </datafield>
  <datafield tag="100" ind1=" " ind2=" ">
    <subfield code="a">AA.VV.</subfield>
    <subfield code="9">794</subfield>
  </datafield>
  <datafield tag="100" ind1=" " ind2=" ">
    <subfield code="e">Autore musica</subfield>
    <subfield code="9">25905</subfield>
  </datafield>
  <datafield tag="100" ind1=" " ind2=" ">
    <subfield code="g">Codice autore musica SPICS: 12000</subfield>
    <subfield code="9">796</subfield>
  </datafield>
  <datafield tag="245" ind1=" " ind2=" ">
    <subfield code="a">Italian jazz graffiti 2</subfield>
  </datafield>
  <datafield tag="250" ind1=" " ind2=" ">
    <subfield code="a">2a ed.</subfield>
  </datafield>
  <datafield tag="260" ind1=" " ind2=" ">
    <subfield code="a">MILANO</subfield>
  </datafield>
  <datafield tag="260" ind1=" " ind2=" ">
    <subfield code="b">RUSCONI</subfield>
    <subfield code="c">1989 [1a Ed.:0]</subfield>
  </datafield>
  <datafield tag="300" ind1=" " ind2=" ">
    <subfield code="a">DISCO</subfield>
  </datafield>
  <datafield tag="300" ind1=" " ind2=" ">
    <subfield code="c">37 minuti (Testo: 0 pag.)</subfield>
  </datafield>
  <datafield tag="500" ind1=" " ind2=" ">
    <subfield code="a">Musica jazz. Disco fuori commercio allegato al n. 8-9 della rivista "Musica jazz"</subfield>
  </datafield>
  <datafield tag="505" ind1=" " ind2=" ">
    <subfield code="a">Quartetto [(Milano, 31 ottobre 1957) (Volont&#xE8; Eraldo) (3:00)] - Garineipaulus [(Roma, 30 giugno 1959) (Rotondo Nunzio) (7:00)] - Tempo di febbraio [(Torino, 30 settembre 1960) (Piana Dino) (3:00)] - Blues [(Roma, giugno 1960) (Trovaioli Armando) (6:00)] - Fata Morgana [(Milano, Prob. 17 dicembre 1959) (Valdambrini Oscar) (4:00)] - La strada del petrolio [(Milano, 11 febbraio 1957) (Intra Enrico) (3:00)] - Tempo e relazione op. 12 [(Milano, 11 febbraio 1957) (Gaslini Giorgio) (4:00)] - Estate '58 [(Roma, 11 maggio 1959) (8:00)]</subfield>
  </datafield>
  <datafield tag="511" ind1=" " ind2=" ">
    <subfield code="a">Fanni Sergio: tr; Volont&#xE8; Eraldo: ten; Angiolini Renato: p; Guatelli Alceo: cb; Bionda Lionello: batt; Quintetto Eraldo Volont&#xE8;</subfield>
  </datafield>
  <datafield tag="511" ind1=" " ind2=" ">
    <subfield code="a">Rotondo Nunzio: tr; Mussolini Romano_ p; Cerri Franco: cb; Cuppini Gilberto: batt; Quartetto di Nunzio Rotondo</subfield>
  </datafield>
  <datafield tag="511" ind1=" " ind2=" ">
    <subfield code="a">Piana Dino: trne a pistoni; Basso Gianni: ten; Devi&#xE0; Enric: p;  Amedeo Nando: cb; Tonani Franco: batt; Quartetto di Dino Piana con Gianni Basso.</subfield>
  </datafield>
  <datafield tag="511" ind1=" " ind2=" ">
    <subfield code="a">Valdambrini Oscar: tr; Rosso Nini: tr; Culasso Nino: tr; Cuccaro Peppe: tr; Panfili Baldo: tr; Piana Dino: trne a pistoni; Gilmore Bill: trne a pistoni; Mildana Mario: trne; Gabbi Ennio: trni; Forte Enzo: trni; Pezzotta Mario: trni; Donadio Attilio: alti; Cerveglieri Livio: alti; Valentini Sergio: alti; Hawthorne William: alti; Basso Gianni: ten; Cionfanelli Marcello: ten; Marinacci Gino: bar, fl; Trovajoli Armando: p; Grillini Enzo: chit; Pisano Berto: cb; Pratt Jimmy: batt; Conti Sergio: batt; Russo Bil: arr; solisti: Pisano Berto e Donadio Attilio; Armando Trovajoli e la sua Orchestra</subfield>
  </datafield>
  <datafield tag="511" ind1=" " ind2=" ">
    <subfield code="a">Valdambrini Oscar: tr; Pezzotta Mario: trne; Donadio Attilio: alto; Basso Gianni: ten; Gullin Lars: bar, arr; Sellani Renato: p; Cerri Franco: cb; Pratt Jimmy: batt; solisti: Gullin, Valdambrini, Basso; Ottetto Basso-Valdambrini</subfield>
  </datafield>
  <datafield tag="511" ind1=" " ind2=" ">
    <subfield code="a">Intra Enrico: p; Villa Ernesto: cb; De Luca Pupo: batt; Trio di Enrico Intra</subfield>
  </datafield>
  <datafield tag="511" ind1=" " ind2=" ">
    <subfield code="a">Libano Giulio: tr; Ceroni Raoul: trne; Tassinari Gastone: fl; Loschi Mario: ob; Nardini Lorenzo: cl, alto; Gaslini Giorgio: p; Guatelli Alceo: cb; Cuppini Gilberto: batt; Giorgio Gaslini e il suo Ottetto da Camera</subfield>
  </datafield>
  <datafield tag="511" ind1=" " ind2=" ">
    <subfield code="a">Vannucchi Antonello: vib; Tommaso Vito: p, arr; Mariani Gaetano: chit; Tommaso Giovanni: cb; Giusti Giampiero: batt; Quintetto di Lucca</subfield>
  </datafield>
  <datafield tag="650" ind1=" " ind2=" ">
    <subfield code="a">JAZZ [DISCHI]</subfield>
    <subfield code="e">Codice MATERIA SPICS: 9950</subfield>
    <subfield code="9">25906</subfield>
  </datafield>
  <datafield tag="700" ind1=" " ind2=" ">
    <subfield code="a">Boneschi Giampiero</subfield>
    <subfield code="d">Codice autore musica SPICS: 14006</subfield>
    <subfield code="e">Autore musica</subfield>
    <subfield code="p">Quartetto</subfield>
    <subfield code="9">25907</subfield>
  </datafield>
  <datafield tag="700" ind1=" " ind2=" ">
    <subfield code="a">Rotondo Nunzio</subfield>
    <subfield code="d">Codice autore musica SPICS: 25057</subfield>
    <subfield code="e">Autore musica</subfield>
    <subfield code="p">Garineipaulus</subfield>
    <subfield code="9">25908</subfield>
  </datafield>
  <datafield tag="700" ind1=" " ind2=" ">
    <subfield code="a">Tonani Franco</subfield>
    <subfield code="d">Codice autore musica SPICS: 28049</subfield>
    <subfield code="e">Autore musica</subfield>
    <subfield code="p">Tempo di febbraio</subfield>
    <subfield code="9">25909</subfield>
  </datafield>
  <datafield tag="700" ind1=" " ind2=" ">
    <subfield code="a">Gullin Lars</subfield>
    <subfield code="d">Codice autore musica SPICS: 28051</subfield>
    <subfield code="e">Autore musica</subfield>
    <subfield code="p">Blues</subfield>
    <subfield code="9">25910</subfield>
  </datafield>
  <datafield tag="700" ind1=" " ind2=" ">
    <subfield code="a">Intra Enrico</subfield>
    <subfield code="d">Codice autore musica SPICS: 13932</subfield>
    <subfield code="e">Autore musica</subfield>
    <subfield code="p">La strada del petrolio</subfield>
    <subfield code="9">25911</subfield>
  </datafield>
  <datafield tag="700" ind1=" " ind2=" ">
    <subfield code="a">Gaslini Giorgio</subfield>
    <subfield code="d">Codice autore musica SPICS: 6239</subfield>
    <subfield code="e">Autore musica</subfield>
    <subfield code="p">Tempo e relazione op. 12</subfield>
    <subfield code="9">25912</subfield>
  </datafield>
  <datafield tag="700" ind1=" " ind2=" ">
    <subfield code="a">Tommaso Vito</subfield>
    <subfield code="d">Codice autore musica SPICS: 11305</subfield>
    <subfield code="e">Autore musica</subfield>
    <subfield code="p">Estate '58</subfield>
    <subfield code="9">25913</subfield>
  </datafield>
  <datafield tag="942" ind1=" " ind2=" ">
    <subfield code="c">MD</subfield>
    <subfield code="2">ddc</subfield>
  </datafield>
  <datafield tag="952" ind1=" " ind2=" ">
    <subfield code="0">0</subfield>
    <subfield code="1">0</subfield>
    <subfield code="4">0</subfield>
    <subfield code="6">81282_000000000000000</subfield>
    <subfield code="7">1</subfield>
    <subfield code="a">SPICS</subfield>
    <subfield code="b">SPICS</subfield>
    <subfield code="d">2013-10-25</subfield>
    <subfield code="l">0</subfield>
    <subfield code="o">81282</subfield>
    <subfield code="r">2013-10-25 00:00:00</subfield>
    <subfield code="w">2013-10-25</subfield>
    <subfield code="y">MD</subfield>
    <subfield code="z">Progr. Ins.: 19658 / N.Vol.: 1 / Copie: 1 - Copia rara: n.d. / date import: 01.01.2014 - By Epidotti, Trombetti, Vaglietti</subfield>
  </datafield>
</record>
